[Event "GER-ch NSV Online 1st"]
[Site "Playchess.com INT"]
[Date "2020.04.26"]
[Round "12"]
[White "Kozik, Klaus"]
[Black "Hilck, Joerg"]
[Result "0-1"]
[WhiteElo "1368"]
[BlackElo "1828"]
[PlyCount "72"]
[EventDate "2020.04.26"]
[EventType "swiss (blitz)"]
[EventRounds "13"]
[EventCountry "GER"]
[SourceTitle "CBM 196 Extra"]
[Source "ChessBase"]
[SourceDate "2020.07.31"]
[SourceVersion "1"]
[SourceVersionDate "2020.07.31"]
[SourceQuality "1"]

1. d4 Nf6 2. Nf3 d6 3. Nc3 g6 4. b3 Bg7 5. Bb2 0-0 6. Nd5 Nxd5 7. Nd2 c5 8. c3 cxd4 9. cxd4 Nc6 10. e4 Nc7 11. d5 Bxb2 12. Rb1 Bc3 13. dxc6 bxc6 14. Qc2 Bxd2+ 15. Qxd2 Ba6 16. Bxa6 Nxa6 17. Qd3 Nc5 18. Qc3 Qb6 19. Qe3 Qb4+ 20. Kf1 Qb5+ 21. Qe2 Qxe2+ 22. Kxe2 Nxe4 23. Kf3 Nd2+ 24. Kg3 Nxb1 25. Rd1 Nc3 26. Rf1 c5 27. Re1 Rfe8 28. Rc1 Nxa2 29. Rc2 Nb4 30. Rc4 a5 31. Rc1 a4 32. bxa4 Rxa4 33. Rd1 Rea8 34. f3 Ra1 35. Rd2 R8a2 36. Rxa2 Rxa2 0-1

[Event "GER-ch NSV Online 1st"]
[Site "Playchess.com INT"]
[Date "2020.04.26"]
[Round "11"]
[White "Kozik, Klaus"]
[Black "Huenerberg, Harald"]
[Result "0-1"]
[WhiteElo "1368"]
[BlackElo "1347"]
[PlyCount "62"]
[EventDate "2020.04.26"]
[EventType "swiss (blitz)"]
[EventRounds "13"]
[EventCountry "GER"]
[SourceTitle "CBM 196 Extra"]
[Source "ChessBase"]
[SourceDate "2020.07.31"]
[SourceVersion "1"]
[SourceVersionDate "2020.07.31"]
[SourceQuality "1"]

1. d4 e6 2. Nf3 c5 3. Nc3 d5 4. Qd2 Nf6 5. Qf4 Bd6 6. Qg5 0-0 7. Nh4 Be7 8. Qf4 Nc6 9. Qg3 Nh5 10. Qg4 Bxh4 11. Bh6 Bf6 12. Qxh5 gxh6 13. Qg4+ Bg7 14. Nb5 Nxd4 15. Nxd4 cxd4 16. Qxd4 Bxd4 17. e3 Bxb2 18. Rb1 Bc3+ 19. Ke2 Bd7 20. Kf3 Bc6 21. Ke2 Qf6 22. f4 e5 23. fxe5 Qxe5 24. Rd1 Bb5+ 25. Kf2 Bxf1 26. Kxf1 f5 27. Ke2 Rad8 28. Rhe1 Rfe8 29. Kf1 Bxe1 30. Rxe1 d4 31. exd4 Qxe1# 0-1

[Event "GER-ch NSV Online 1st"]
[Site "Playchess.com INT"]
[Date "2020.04.26"]
[Round "6"]
[White "Kozik, Klaus"]
[Black "Zoellner, Gislain"]
[Result "0-1"]
[WhiteElo "1368"]
[BlackElo "1620"]
[PlyCount "42"]
[EventDate "2020.04.26"]
[EventType "swiss (blitz)"]
[EventRounds "13"]
[EventCountry "GER"]
[SourceTitle "CBM 196 Extra"]
[Source "ChessBase"]
[SourceDate "2020.07.31"]
[SourceVersion "1"]
[SourceVersionDate "2020.07.31"]
[SourceQuality "1"]

1. d4 Nf6 2. Nf3 g6 3. Nc3 Bg7 4. h3 d5 5. g4 Nc6 6. g5 Nh5 7. e4 dxe4 8. Nxe4 Nxd4 9. Qxd4 Qxd4 10. Nxd4 Bxd4 11. c3 Bg7 12. Be3 Bf5 13. Nc5 0-0-0 14. Bd4 Bxd4 15. cxd4 Rxd4 16. Be2 Rhd8 17. Bxh5 gxh5 18. 0-0 Rg8 19. Nb3 Rh4 20. Kh2 Rxh3+ 21. Kg1 Rxg5# 0-1